header

Defence related SME's (Record no. 104502)

MARC details
000 -LEADER
fixed length control field 01785nam a2200361Ia 4500
082 04 - DEWEY DECIMAL CLASSIFICATION NUMBER
Classification number 338.47355
245 10 - TITLE STATEMENT
Title Defence related SME's
260 ## - PUBLICATION, DISTRIBUTION, ETC. (IMPRINT)
Place of publication Amsterdam ;
-- Oxford :
Name of publisher IOS Press,
Year of publication c2004.
300 ## - PHYSICAL DESCRIPTION
Number of Pages xvi, 211 p. :
Other physical details ill., ports.
490 1# - SERIES STATEMENT
Series statement NATO science series. Series V, Science and technology policy ;
500 ## - GENERAL NOTE
General note "Proceedings of the NATO Advanced Research Workshop on Defence Related SME's - Analysis and Description of Current Conditions, 23-26 June 2002, Funchal, Portugal."
650 #0 - SUBJECT ADDED ENTRY--TOPICAL TERM
Topical Term Small business
Topical Term Defense industries
700 1# - ADDED ENTRY--PERSONAL NAME
Personal name Carvalho, Fernando Duarte.
856 40 - ELECTRONIC LOCATION AND ACCESS
Uniform Resource Identifier http://site.ebrary.com/lib/rucke/Doc?id=10116458

No items available.

© 2026 Rongo University
Contact us: librarian | system librarian | Rongo university